| 000 | 01633cam a2200361 i 4500 | ||
|---|---|---|---|
| 001 | 21835214 | ||
| 003 | NUST | ||
| 005 | 20220828185941.0 | ||
| 008 | 201209s2021 cau be 001 0 eng | ||
| 010 | _a 2020052220 | ||
| 020 |
_a9781440866081 _q(hardcover ; alk. paper) |
||
| 020 |
_z9781440866098 _q(ebook) |
||
| 038 | _aAzhar | ||
| 040 |
_aDLC _beng _cDLC _erda _dDLC |
||
| 042 | _apcc | ||
| 043 | _an-us--- | ||
| 050 | 0 | 0 |
_aHD6060.3 _b.S494 2021 |
| 082 | 0 | 0 |
_a305.42097303 _223 _bSEX |
| 245 | 0 | 0 |
_aSexual harassment and misconduct : _ban encyclopedia _cGina Robertiello, editor. |
| 260 |
_aSanta Barbara, California : _bABC-CLIO, an imprint of ABC-CLIO, LLC, _c2021 |
||
| 300 |
_axiv, 395 p _c26 cm |
||
| 336 |
_atext _btxt _2rdacontent |
||
| 337 |
_aunmediated _bn _2rdamedia |
||
| 338 |
_avolume _bnc _2rdacarrier |
||
| 504 | _aIncludes bibliographical references and index. | ||
| 520 |
_a"This authoritative reference work informs readers about the scope, nature, and prevalence of sexual harassment and misconduct in all walks of American life, and how changes in policy, law, and traditional gender dynamics can address the problem"-- _cProvided by publisher. |
||
| 650 | 0 |
_aSexual harassment _zUnited States _vEncyclopedias. _994794 |
|
| 700 | 1 |
_aRobertiello, Gina, _eeditor. _994795 |
|
| 776 | 0 | 8 |
_iOnline version: _tSexual harassment and misconduct _dSanta Barbara, California : ABC-CLIO, [2021] _z9781440866098 _w(DLC) 2020052221 |
| 906 |
_a7 _bcbc _corignew _d1 _eecip _f20 _gy-gencatlg |
||
| 942 |
_2ddc _cLC |
||
| 999 |
_c590561 _d590561 |
||